000 01404nam a2200349 a 4500
001 000108687
003 CHAP
005 20220329144021.0
008 140304s2012 mx a sm |||||||spa d
010 _a105149
011 _a106121
040 _cCHAP
090 _aTesis
100 1 _aCoria Hernández, Victor Manuel
_9125725
245 1 0 _aEficiencia del agua subterránea para riego en Rye Grass (Lolium multiflorum) en el sector ejidal versus alfalfa (Medicago sativa) en el DR017, Comarca Lagunera
_h[En línea]
_cpor Victor Manuel Coria Hernández.
260 _aBermejillo, Durango. :
_bEl autor.,
_c2012.
500 _aPara ver el contenido del material haga clic en la liga
502 _aTesis (Ing. Agr. Esp. en Sistemas Agrícolas de Zonas Aridas) -- UACH. Unidad Reginal Universitaria de Zonas Aridas
590 _aBATCH-UPD
_b05
_c20140324
_lUCH01
_h1536
590 _aBATCH-UPD
_b05
_c20141002
_lUCH01
_h0857
590 _aE5652GLJ
_b05
_c20140304
_lUCH01
_h1216
590 _aE5652GLJ
_b05
_c20140304
_lUCH01
_h1216
590 _aE5652GLJ
_b05
_c20141029
_lUCH01
_h1107
650 1 4 _aAgua subterránea
_zDurango
_92487
650 1 4 _aAlfalfa
_xRendimiento.
_93887
650 1 4 _aIrrigación
_xComarca Lagunera.
_960389
650 1 4 _aLolium multiflorum.
_967504
856 _aFinding aid
_uhttp://10.13.5.2/tesis/sist108687.pdf
_zTeclea aquí
901 _aBK
942 _cTESIS
942 _n0
999 _c105149
_d105149